Complete Normed Algebras
Αποθηκεύτηκε σε:
| Κύριος συγγραφέας: | |
|---|---|
| Άλλοι συγγραφείς: | |
| Μορφή: | Βιβλίο |
| Γλώσσα: | English |
| Δημοσίευση: |
Berlin :
Springer-Verlag,
1973
|
| Σειρά: | Ergebnisse der Mathematik und ihrer Grenzgebiete ;
; 80 |
| Θέματα: | |
| Ετικέτες: |
Προσθήκη ετικέτας
Δεν υπάρχουν, Καταχωρήστε ετικέτα πρώτοι!
|
MARC
| LEADER | 00000nam a2200000 i 4500 | ||
|---|---|---|---|
| 001 | 1/58788 | ||
| 008 | 941103s1973 eng d | ||
| 020 | |a 3-540-06386-2 | ||
| 035 | |a 1993 |c ΑΝΟΥΣΗΣ |l 10045969 | ||
| 040 | |a GR-MY-UA |b gre |e aacr | ||
| 041 | 0 | |a eng | |
| 082 | 0 | |a 512.55 | |
| 100 | 1 | |a Bonsall, F. F. | |
| 245 | 1 | 0 | |a Complete Normed Algebras / |c F.F. Bonsall, J. Duncan |
| 260 | |a Berlin : |b Springer-Verlag, |c 1973 | ||
| 300 | |a 301 p.; |c 24 cm. | ||
| 490 | 1 | |a Ergebnisse der Mathematik und ihrer Grenzgebiete |v ; 80 | |
| 500 | |a Includes bibliographical references and index | ||
| 650 | 0 | 0 | |a Banach algebras. |
| 700 | 1 | |a Duncan, J. | |
| 830 | 0 | |a Ergebnisse der Mathematik und ihrer Grenzgebiete ; |v ; 80 | |
| 852 | |a INST |b SAMOS |e 19941103 |h 512.55 BON |p 005300003643 |q 005300003643 |t BK |y 0 | ||
| 909 | |a Σ |b 025467 | ||